پرواز شاہین / (Record no. 197993)

MARC details
000 -LEADER
fixed length control field 00633nam a22001937a 4500
005 - DATE AND TIME OF LATEST TRANSACTION
control field 20230912102840.0
010 ## - LCCN (DPL NO)
LC control number UR-12229
020 ## - INTERNATIONAL STANDARD BOOK NUMBER
International Standard Book Number 9789391238605
Terms of availability 375.00
035 ## - SYSTEM CONTROL NUMBER
System control number U-10784
037 ## - SOURCE OF ACQUISITION
Source of stock number/acquisition DBAD/PUB
Stock number -
082 ## - DEWEY DECIMAL CLASSIFICATION NUMBER
Classification number 840.08
100 ## - MAIN ENTRY--PERSONAL NAME
Personal name زیدی ، شاہین رضا
245 ## - TITLE STATEMENT
Title پرواز شاہین /
Statement of responsibility, etc شاہین رضا زیدی
246 ## - VARYING FORM OF TITLE
Title proper/short title Parwaz-e-Shaheen /
Remainder of title Shaheen Raza Zaidi
260 ## - PUBLICATION, DISTRIBUTION, ETC. (IMPRINT)
Place of publication, distribution, etc New Delhi
Name of publisher, distributor, etc Educational Publishing House
Date of publication, distribution, etc 2021 ء
270 ## - ADDRESS
Address H.o. D1/16, Ansari Road, Daryaganj
City New Delhi
Postal code 110002
300 ## - PHYSICAL DESCRIPTION
Extent 208 ص
Dimensions 23cm(Hb)
942 ## - ADDED ENTRY ELEMENTS (KOHA)
Source of classification or shelving scheme Dewey Decimal Classification
Item type Urdu Bks
Classification part 840.08
Call number suffix ز ی د
Holdings
Withdrawn status Lost status Not for loan Collection code Home library Current library Date acquired Source of acquisition Cost, normal purchase price Full call number Barcode Copy number Cost, replacement price Koha item type
      Non-fiction Sarojini Nagar Sarojini Nagar 12/09/2023 DBAD/PUB 375.00 840.08 ز ی د U-10784 1 375.00 Urdu Bks

© Delhi Public Library
Hit Counter
free hit counter